The spacemaker book /

Bibliographic Details
Main Author: Liman, Ellen
Other Authors: Stahl, Nancy
Format: Book
Language:English
Published: New York, N.Y. : Pocket Books, 1978
Series:A Wallaby book
Subjects:

MARC

Tag First Indicator Second Indicator Subfields
LEADER 00000cam a2200000 a 4500
001 in00000080857
005 20151008054113.0
008 790705c19781977nyua 00010 eng d
010 |z  40407700  
020 |a 0671790099 (pbk. :)  |c $4.95 
035 |a (OCoLC)05141164 
035 |9 AAH9642AM 
040 |a JPL  |c JPL  |d m.c.  |d TXA  |d UtOrBLW 
049 |a TXAM  |c [1387046] 
090 |a NK2113  |b .L55 1978 
092 |a 747.88  |b L732s, 1977a 
100 1 |a Liman, Ellen. 
245 1 4 |a The spacemaker book /  |c Ellen Liman ; drawings by Nancy Stahl. 
264 1 |a New York, N.Y. :  |b Pocket Books,  |c 1978 
264 4 |c ©1977 
300 |a 117 pages :  |b illustrations ;  |c 22 x 28 cm. 
336 |a text  |b txt  |2 rdacontent 
337 |a unmediated  |b n  |2 rdamedia 
338 |a volume  |b nc  |2 rdacarrier 
490 0 |a A Wallaby book 
650 0 |a Interior decoration. 
650 0 |a Personal space. 
650 0 |a Room layout (Dwellings) 
700 1 |a Stahl, Nancy. 
999 |a MARS 
999 f f |s a5d2b14d-25c2-36bb-9cd6-c84448473914  |i 4acb83dd-55da-3bf2-a92b-6e77d61b4552  |t 0 
952 f f |p normal  |a Texas A&M University  |b College Station  |c Sterling C. Evans Library  |d Evans: Library Stacks  |t 0  |e NK2113 .L55 1978  |h Library of Congress classification  |i unmediated -- volume  |m A14806170591 
998 f f |a NK2113 .L55 1978  |t 0  |l Evans: Library Stacks